Cenník prác na elektrických zariadeniach ... ; Revízie elektrického ručného náradia doporučené ceny 33-2002-1

Bibliographic Details
Format: Book
Language:Slovak
PhysicalDescription:25 s. 30 cm
Published: Žilina Markab 2001
ISBN:8096842390
Edition:[1. vyd.]
Subjects:

MARC

LEADER 00000nam a2200000 a 4500
001 vtls001482211
003 SK-MaSNL
005 20260428110247.0
008 160801s2002 xo 0 slo
015 |a SNBF2004/04-01727 
020 |a 8096842390 
035 |a SNK000437508 
040 |a SNK  |b slo  |c SNK  |e AACR2 
041 0 |a slo 
043 |a e-xo--- 
044 |a xo  |c SK 
072 7 |a 621.3  |2 konspekt 
080 |a 621.3  |2 1981 
080 |a 621.31  |2 1981 
080 |a 614.8.084  |2 1981 
080 |a (437.6)  |2 1981 
080 |a (036)  |2 1981 
080 |a (085.6/.7)  |2 1981 
080 |a 621.3:338.532.414(085.7)  |2 2. slo 
080 |a 338.532.414  |2 2. slo 
245 1 |a Cenník prác na elektrických zariadeniach ... ; Revízie elektrického ručného náradia  |b doporučené ceny 33-2002-1 
250 |a [1. vyd.] 
260 |a Žilina  |b Markab  |c 2001 
300 |a 25 s.  |c 30 cm 
500 |a Názov z obálky 
650 0 7 |a revízie elektrických zariadení  |2 SNKPH  |9 411756 
650 0 7 |a elektrické ručné náradie  |2 SNKPH  |9 68895 
650 0 7 |a elektrotechnika  |2 SNKPH  |9 3619 
650 0 7 |a bezpečnosť práce  |2 SNKPH  |9 1296 
655 7 |a FCE  |2 SNK  |9 395410 
655 7 |a informačné publikácie  |2 SNKPH  |9 70181 
655 7 |a cenníky  |2 SNKPH  |9 70748 
919 |a 80-968423-9-0 
999 |c 1106113  |d 1108043 
952 |t P60, <03>, [BOOK], {603}  |a SNK  |b SNK  |y PREZ  |7 0  |p 17A0444231  |o snkOSB 14095  |i snkKSP 12470/2004  |0 0  |1 0  |4 0  |d 2004-09-23  |l 0  |r 2005-01-02 00:00:00  |w 2026-02-24 
952 |t P60, <04>, [BOOK], {604}  |a SNK  |b SNK  |y VYP  |7 0  |p 17A0444229  |o snkOSB 14095 D1  |i snkKSP 12471/2004  |0 0  |1 0  |4 0  |d 2004-09-23  |l 0  |r 2005-01-02 00:00:00  |w 2026-02-24